| 000 | 00544cam a22002171 4500 | ||
|---|---|---|---|
| 001 | ne 62001248 | ||
| 003 | DLC | ||
| 005 | 20260227111737.0 | ||
| 008 | 881028q19601962xx a 000 0 ara | ||
| 010 | _ane 62001248 | ||
| 035 | _a(OCoLC)23499103 | ||
| 040 |
_aDLC _cMiU _dDLC |
||
| 042 | _apremarc | ||
| 050 | 0 | 0 |
_aPJ7846.A85 _bG4 |
| 100 | 1 | _aMahdī, Kāmil. | |
| 245 | 1 | 0 | _aGharām fī Nābūlī. |
| 260 | _c[196-, 197-] | ||
| 300 |
_a119 p. _billus. _c19 cm. |
||
| 500 | _aRomanized. | ||
| 730 | 0 | _aIt started in Naples (Motion picture) | |
| 999 |
_c45229 _d45229 |
||